Szent-Györgyi Albert szegedi egyetemi tanár az idei orvosi Nobel-díj nyertese [fotó]

Elmentve itt :
Bibliográfiai részletek
Dokumentumtípus: Cikk
Megjelent: Globus Nyomdai Műintézet Rt. Budapest 1937-10-30
Sorozat:Magyarság : képes melléklet
Kulcsszavak:Szent-Györgyi Albert, Nobel-díj - 1937
Online Access:http://misc.bibl.u-szeged.hu/47102
LEADER 00803nab a2200181 i 4500
001 misc47102
005 20250404091217.0
008 210209s1937 hu o 000 hun d
040 |a SZTE Miscellanea Repozitórium  |b hun 
041 |a hun 
245 0 0 |a Szent-Györgyi Albert szegedi egyetemi tanár az idei orvosi Nobel-díj nyertese   |h [elektronikus dokumentum] :  |b [fotó] 
260 |a Globus Nyomdai Műintézet Rt.  |b Budapest  |c 1937-10-30 
300 |a [1] 
300 |a Szent-Györgyi Albert Nobel-díja az 1937/38-as sajtóhíradások tükrében : újságkivágat-album, f. 7v. 
490 0 |a Magyarság : képes melléklet 
561 |a Szent-Györgyi Albert újságkivágat-album 
695 |a Szent-Györgyi Albert, Nobel-díj - 1937 
856 4 0 |u http://misc.bibl.u-szeged.hu/47102/1/008_002.pdf  |z Dokumentum-elérés